[Event "Linares 22nd"]
[Site "Linares"]
[Date "2005.03.05"]
[Round "10"]
[White "Anand, Viswanathan"]
[Black "Leko, Peter"]
[Result "1/2-1/2"]
[WhiteElo "2786"]
[BlackElo "2749"]
[Annotator "Rogozenco,D"]
[PlyCount "47"]
[EventDate "2005.02.23"]
[EventType "tourn"]
[EventRounds "14"]
[EventCountry "ESP"]
[EventCategory "20"]
[SourceTitle "CBM 106"]
[Source "ChessBase"]
[SourceDate "2005.06.06"]
[SourceVersion "1"]
[SourceVersionDate "2005.06.06"]
[SourceQuality "1"]

1. e4 c5 2. Nf3 Nc6 3. d4 cxd4 4. Nxd4 Nf6 5. Nc3 e5 6. Ndb5 d6 7. Bg5 a6 8.
Na3 b5 9. Nd5 Be7 10. Nxe7 Nxe7 11. Qd3 {A very rare continuation.} (11. Bxf6
gxf6 12. c4 {has been the main field of research lately in the variation 10.
Nxe7.}) (11. Qf3 Nd7 12. b4 (12. c4 b4 13. Nc2 a5 $11) 12... f6 13. Bd2 Bb7 14.
c4 f5 $132) (11. Bd3 Bb7 12. Qe2 Nd7 $11) 11... d5 12. exd5 (12. Bxf6 gxf6 13.
O-O-O d4 14. c3 Qc7 15. Nc2 dxc3 16. Qxc3 Qxc3 17. bxc3 f5 $11 {1/2-1/2
Kupreichik,V-Gorelov,S/Minsk 1985 (62)}) 12... Bf5 13. Qb3 Qxd5 {Usually all
this kind of endgames are equal. White's bishops pair is not enough for
advantage because of the poor knight on a3 and good centralisation of Black's
pieces.} (13... Nfxd5 14. Rd1 f6 15. Be3 Be6 16. Be2 (16. c4 $5) 16... Qc7 17.
Bh5+ $2 g6 18. Bf3 Nxe3 19. Qxe3 (19. Qxe6 $142) 19... Rb8 20. b4 O-O $17 {
0-1 Hamer,F-Avrum,F/IECC email 2001 (33)}) 14. Qxd5 Nexd5 (14... Nfxd5 $5 15.
c4 b4 16. cxd5 bxa3 17. b3 Nxd5 18. Bc4 Nb4 19. O-O f6 $15 {1/2-1/2 Ruiz
Gonzalez,G-Fluvia Poyatos,J/Lloret del Mar 1997 (28)}) 15. c4 bxc4 16. Bxc4 (
16. Nxc4 O-O (16... Ne4 $5) 17. Be2 (17. Rd1 Rfd8 18. Be2 h6 19. Bc1 Nf4 $5 20.
Rxd8+ $140 Rxd8 21. Bxf4 exf4 22. O-O Re8 $1 {[%csl Re2]}) 17... Ne4 $11) 16...
O-O 17. O-O Nb4 $5 {[%csl Ra3]} 18. Rfe1 ({A better attempt seems to be} 18.
Bxf6 gxf6 19. f4 {although the position is close to equal anyway after} Bd3 (
19... Bg6 $2 20. f5 Bh5 21. h3 $18)) 18... Rfe8 (18... Ne4 $2 19. Be7 Rfb8 20.
f3 $16) 19. Rad1 Ne4 20. Be3 Rac8 $11 21. f3 Nf6 22. Re2 Be6 23. b3 e4 24. Rdd2
1/2-1/2

[Event "EU-ch 6th"]
[Site "Warsaw"]
[Date "2005.06.22"]
[Round "5"]
[White "Azarov, Sergei Nikolaevich"]
[Black "Moiseenko, Alexander"]
[Result "0-1"]
[WhiteElo "2572"]
[BlackElo "2665"]
[Annotator "Rogozenco,D"]
[PlyCount "76"]
[EventDate "2005.06.18"]
[EventType "swiss"]
[EventRounds "13"]
[EventCountry "POL"]
[SourceTitle "CBM 108"]
[Source "ChessBase"]
[SourceDate "2005.09.26"]
[SourceVersion "1"]
[SourceVersionDate "2005.09.26"]
[SourceQuality "1"]

1. e4 c5 2. Nf3 Nc6 3. d4 cxd4 4. Nxd4 Nf6 5. Nc3 e5 6. Ndb5 d6 7. Bg5 a6 8.
Na3 b5 9. Nd5 Be7 10. Bxf6 Bxf6 11. c3 Bg5 12. Nc2 Rb8 13. a3 ({After} 13. a4 {
very precise play from Black is required in order to achieve equality.}) 13...
O-O 14. Nce3 {Black has many mothods to achieve comfortable play after White's
harmless set-up.} ({The last chance to fight for advantage is connected with} 
14. h4 Bh6 15. g4 $13) (14. Ncb4 Bb7 $11) 14... Ne7 15. Bd3 Be6 16. Bc2 Kh8 {
Black goes for a more complicated battle.} ({AN approved mothod to equalize
completely is} 16... Bxe3 17. Nxe3 a5 $11) 17. O-O Nxd5 (17... g6 $5) 18. Nxd5
g6 19. Qd3 $6 {White implements a standard plan, but there is a little
difference - usually his bishop is on e2. Here Black can use the absence of
the bishop from the kingside. Instead of this White should have started
playing on the queenside right away.} (19. b4 $142 f5 20. a4 $11) (19. Bb3 a5 (
19... f5 20. Nb4 $14) 20. a4 bxa4 21. Rxa4 f5 $13) 19... f5 20. Rad1 (20. b4
fxe4 21. Qxe4 Rc8 $132 {The bishop on c2 disturbs only White.}) 20... a5 21. b4
f4 $1 {A powerful attacking plan: Black provokes the answer f2-f3 and then
comes with the bishop to g3. Besides using the absence of the bisho on e2,
Black also takes advantage of the awkward position of WHite's rooks, which are
on d1 and f1 instead of d1 and a1.} 22. f3 ({After} 22. Qf3 Qc8 23. h3 {
the simplest is} a4 $17 {followed by either ...h5, ...Kg7, ...Rh8 and ...Bg4,
or combining other plans, such as ...Qc4, ...Rfc8, or ...Bd8-b6.}) (22. Bb3 f3
23. g3 Qd7 24. Rfe1 a4 25. Ba2 h5 $17) 22... Bh4 23. Bb3 (23. c4 axb4 24. axb4
bxc4 25. Qxc4 {offers Black a pleasant choice between} Bxd5 ({or} 25... Bg3 $5
$36) 26. Rxd5 Qb6+ 27. Kh1 Rfc8 28. Qb3 Bf2 $5 $17) 23... g5 {Before placing
the bishop on g3 Black wisely advances the pawn to g4 first, in order to rule
out knight jumps on e7 or f6 after h2xg3, see the immediate 23...Bg3.} (23...
Bg3 24. hxg3 fxg3 25. Ne7 $1 Bxb3 (25... Qxe7 26. Bxe6 Qxe6 (26... Qh4 $2 {
doesn't work here because the bishop returns to h3:} 27. Bh3 $19) 27. Qxd6 Qxd6
28. Rxd6 Rfc8 $11) 26. Qxd6 Qxd6 27. Rxd6 $13) 24. c4 {White's play comes too
slow.} (24. Rd2 g4 25. fxg4 Bxg4 26. g3 fxg3 (26... Rg8 $2 27. Nxf4 $1 exf4 28.
Bxg8 $18) (26... a4 $5) 27. Rxf8+ Qxf8 28. hxg3 Qg7 29. bxa5 Be6 30. Rg2 Bd8
31. a6 Bxd5 32. Bxd5 Bb6+ 33. Kh1 Qh6+ 34. Rh2 Qc1+ 35. Kg2 Rf8 $40) (24. h3
Bg3 25. Rd2 h5 $17 ({White defends after} 25... g4 26. fxg4 Bxg4 27. hxg4 Qh4
28. Rb1 Qh2+ 29. Kf1 Qh1+ 30. Ke2 Qxg2+ 31. Kd1) (25... Rg8 $5)) 24... g4 25.
c5 ({Nothing is changed by} 25. cxb5 Bg3 26. fxg4 Qh4 27. h3 Bxg4 28. Rd2 f3
$19) 25... Bg3 26. fxg4 (26. Ne7 Bxb3 (26... Qxe7 27. Bxe6 Qh4 28. h3) 27. Qxd6
Qxd6 28. Rxd6 axb4 29. axb4 Bh4 $19) (26. hxg3 fxg3 27. Ne7 Qxe7 28. Bxe6 Qh4
$19) (26. Nxf4 {is refuted by} Bc4 $1 ({Less clear is} 26... Bxb3 27. hxg3 Bxd1
(27... Bc4 28. Qc3 $1) 28. Ne6) 27. Bxc4 bxc4 28. Qxc4 Bxf4 $19) 26... Qh4 ({
It's never too late to go wrong:} 26... Bxg4 $2 27. hxg3 $18) 27. h3 Bxg4 {
Black is winning. White must give up material, which, however, doesn't stop
the attack.} 28. Rf3 (28. Rd2 f3 $19) 28... Rg8 29. Qf1 Bxf3 30. Qxf3 dxc5 31.
bxc5 Rg6 (31... Be1 32. c6 (32. Rd3 Rg3 33. Qe2 Rxd3 34. Qxd3 Bf2+ 35. Kf1 Bxc5
$19) 32... Rg3 33. Qf1 f3 {wins immediately}) 32. Kf1 Bh2 33. Rd3 Rc8 34. Rc3
Rg3 35. Qf2 Qh5 36. Nxf4 Qh6 37. Ne2 Rxc3 38. Nxc3 Rf8 0-1

[Event "Santiago Entel Cup 2nd"]
[Site "Santiago de Chile"]
[Date "2005.03.19"]
[Round "9"]
[White "Rodriguez Vila, Andres"]
[Black "Llorens Sepulveda, Marcelo"]
[Result "1-0"]
[WhiteElo "2536"]
[BlackElo "2418"]
[Annotator "Rogozenco,D"]
[PlyCount "156"]
[EventDate "2005.03.15"]
[EventType "tourn"]
[EventRounds "13"]
[EventCountry "CHI"]
[EventCategory "9"]
[SourceTitle "CBM 106"]
[Source "ChessBase"]
[SourceDate "2005.06.06"]
[SourceVersion "1"]
[SourceVersionDate "2005.06.06"]
[SourceQuality "1"]

1. e4 c5 2. Nf3 Nc6 3. d4 cxd4 4. Nxd4 Nf6 5. Nc3 e5 6. Ndb5 d6 7. Bg5 a6 8.
Na3 b5 9. Nd5 Qa5+ 10. Bd2 Qd8 11. c4 Nxe4 12. cxb5 Be6 13. Bc4 Ne7 14. Be3 $1
{This sharp opening line requires very good theoretical knowledge.} (14. O-O
Bxd5 (14... Nxd5 15. Bxd5 Bxd5 16. Ba5 $1 Qxa5 17. Qxd5 Rc8 18. Qxe4 Be7 19.
Qb7 $16 {1-0 Kupreichik,V-Nikcevic,N/Cattolica 1992 (28)}) 15. Bxd5 (15. Ba5
Qxa5 16. Bxd5 Rd8 17. Bxe4 d5 18. Bc2 Ng6 $13 {1-0 Womacka,M-Souleidis,G/
Berlin 1998 (55)}) 15... Nxd5 16. Ba5 Ndc3 $1 17. Bxc3 Nxc3 18. bxc3 d5 19.
bxa6 (19. Qb3 Bxa3 20. Qxa3 axb5 21. Qc5 Rc8 22. Qxb5+ Qd7 23. Qb4 f6 $11)
19... Bxa3 20. Qa4+ Ke7 21. Qxa3+ Qd6 22. Qb3 Rhb8 $11 {1/2-1/2 Feygin,
M-Reinderman,D/Germany 2000 (29)}) 14... Rc8 {Kasparov's move, who introduced
it back in 1987 in a simul game.} ({After} 14... Qa5+ {both 15.Ke2 and 15.Kf1
lead to wild complications:} 15. Kf1 $5 (15. Ke2 Rb8 $1 {Aagaard} (15... Rc8
16. Nb6 $16) 16. Rc1 Nxd5 17. Bxd5 Nf6 18. Bc6+ $13) 15... Rb8 (15... Rc8 16.
Kg1 $5) 16. Rc1 Nxd5 17. Bxd5 Nf6 18. Bc6+ Nd7 19. Ba7 (19. Nc4 $5 Qc7 20. Nxe5
$1 dxe5 21. bxa6 $18) 19... Rc8 $2 (19... Rd8 $1) 20. b6 (20. Nc4 $1 Qc7 21.
Nb6 $1 $18) 20... Rxc6 $2 (20... Qb4 $1) 21. Rxc6 $18 {1-0 Nevednichy,
V-Croenne,O/La Fere 2003 (28)}) 15. Nb6 {This is one of the three
possibilities.} (15. Nxe7 Bxe7 16. Bxe6 fxe6 17. O-O Nf6 (17... axb5 $5 $13)
18. bxa6 O-O 19. b4 Nd5 (19... d5 $5) 20. Qd2 Nxe3 21. Qxe3 Bg5 22. Qb3 d5 23.
Rab1 Qb6 24. b5 Rc7 $13 {1-0 Toth,A-Ladanyi,T/Hungary 1995 (35)}) ({The best is
} 15. Bb6 $1 Qd7 16. bxa6 {Then the main line goes} Rxc4 17. a7 Bxd5 18. Nxc4
Ba8 19. f3 d5 20. Nxe5 Qe6 21. Bc7 Nc5 22. Rc1 $5 (22. O-O Qa6 23. Bb8 f6 $13 {
Zurita,M-Da Costa Junior,L/corr 2003}) (22. Qe2 $14 {Da Costa Junior})) 15...
d5 $1 16. Nxc8 (16. Qa4 dxc4 17. Rd1 Nd5 18. bxa6+ Bd7 19. Nxd7 Bb4+ 20. Kf1
Qxd7 21. Qxd7+ Kxd7 22. Rxd5+ Ke6 23. Rb5 Bxa3 24. bxa3 {was checked in a few
games: Black has at least equal chances.}) ({Worse is} 16. bxa6 $6 dxc4 17.
Qxd8+ (17. Nxc8 Qxc8 18. Qa4+ Nc6) 17... Rxd8 {1/2-1/2 Dvoirys,S-Isajevsky,A/
St Petersburg 2001 (66)}) 16... Nxc8 17. Bd3 (17. O-O $2 Bxa3 18. bxa3 dxc4 19.
Qxd8+ Kxd8 20. bxa6 Kc7 $19 {0-1 Gobet,F-Kasparov,G/Zurich (simul) 1987 (34)})
17... Qa5+ 18. Kf1 Bxa3 19. bxa3 O-O (19... Ncd6 20. f3 Nc3 21. Bd2 d4 $44 {
1/2-1/2 Seger,G-Vahtera,A/Corr (38)}) 20. Qb3 (20. bxa6 f5 21. f3 d4 22. Bg1
Ned6 23. Be2 Nc4 $44 {0-1 Erneste,I-Sorokina,A/Mallorca 2004 (30)}) (20. Bxe4
dxe4 21. a4 Rd8 $44) 20... axb5 21. Qxb5 Qc3 $2 ({Correct was} 21... Qxb5 22.
Bxb5 d4 23. Bc1 Ncd6 $44 {with good compensation, thanks to the fact that
White needs time to bring his rooks into play. For instance after} 24. Bd3 Bc4
$5 25. Bxc4 Nxc4 $36 {[%csl Rf1,Rh1][%cal Ge4c3,Yd4d3] Black even has the
advantage.}) 22. Rc1 Qxa3 23. Bxe4 dxe4 (23... Nd6 24. Qd3 $18) 24. Qxe5 $16
Rd8 $2 {Giving up the second central pawn is the fatal mistake.} (24... Qd3+
25. Kg1 Nd6 26. h3 Nc4 27. Qd4 Rd8 $5 28. Qxd3 exd3 29. Kh2 Nxe3 30. fxe3 Bxa2
(30... d2 31. Rhd1 $18) 31. Rhd1 Be6 32. g4 (32. Rc3 Bf5) 32... h5 $1 {with
chances to escape} 33. Kg3 $140 hxg4 34. hxg4 Bb3 35. Rd2 Kh7 {[%cal Gb3c2]})
25. Qxe4 $18 {Still some work to do for White, but the position is technically
won.} Qxa2 26. h3 Bd5 27. Qg4 Ne7 28. Kg1 Be6 29. Qb4 Nf5 30. Bc5 Qd5 31. Bb6
Re8 32. Qc5 Qb3 33. Kh2 h6 34. Rb1 Qa4 35. Qb5 Qa8 36. Rhd1 Kh7 37. Qd3 g6 38.
Bc7 Qa4 39. Re1 Qh4 (39... Qa7 $142) 40. Qd2 Nd4 41. Qf4 (41. Rb4 $2 Qxh3+ $1
42. gxh3 Nf3+ $16) ({The easiest was to use the dark-squared weaknesses with
the queens on the board:} 41. Rbd1 Nf5 42. Be5 {[%cal Ge5a1,Yd2b2]}) 41...
Qxf4+ 42. Bxf4 g5 43. Be5 Nf5 44. Rb8 Rxb8 45. Bxb8 Kg6 46. Be5 Nh4 47. f3 Nf5
48. Bc3 h5 49. g4 hxg4 50. hxg4 Ne7 51. Re5 Nc6 52. Rc5 Nb8 53. Bd2 f6 54. Kg3
Nd7 55. Rc6 Kf7 56. Bc3 Nf8 57. Rc7+ Nd7 58. Bd4 Ke7 59. Ra7 Kf7 60. Kf2 Ke7
61. Ke3 Kf7 62. Ke4 Ke7 63. Be3 Kf7 64. Kd4 Ke7 65. Ra5 Kf7 66. Bd2 Ke7 67.
Bb4+ Kf7 68. Bd6 Kg6 69. Bc7 Kf7 70. Kc3 Ke7 71. Kb4 Kf7 72. Kb5 Bd5 73. Ra3
Nf8 (73... Ke6 74. Ra6+ Kf7 75. Rd6 Be6 76. Rd1 $18 {[%cal Gb5c6]}) 74. Kc5 Bb7
75. Kd6 Ng6 76. Bd8 Ne5 77. Ra7 Nxf3 78. Rxb7+ Kg6 1-0

[Event "Santiago Entel Cup 2nd"]
[Site "Santiago de Chile"]
[Date "2005.03.16"]
[Round "4"]
[White "Rodriguez Vila, Andres"]
[Black "Zambrana, Oswaldo"]
[Result "1-0"]
[WhiteElo "2536"]
[BlackElo "2472"]
[Annotator "Rogozenco,D"]
[PlyCount "97"]
[EventDate "2005.03.15"]
[EventType "tourn"]
[EventRounds "13"]
[EventCountry "CHI"]
[EventCategory "9"]
[SourceTitle "CBM 106"]
[Source "ChessBase"]
[SourceDate "2005.06.06"]
[SourceVersion "1"]
[SourceVersionDate "2005.06.06"]
[SourceQuality "1"]

1. e4 c5 2. Nf3 Nc6 3. d4 cxd4 4. Nxd4 Nf6 5. Nc3 e5 6. Ndb5 d6 7. Bg5 a6 8.
Na3 b5 9. Nd5 Be7 10. Bxf6 Bxf6 11. c3 O-O 12. Nc2 Bg5 13. a4 bxa4 14. Rxa4 a5
15. Nce3 {A rare move. As a consequence of the latest developments White
started to play more flexible, combine different ideas in order to fight for
opening advantage.} (15. Bc4) 15... Bxe3 (15... Rb8 16. Ra2 ({or} 16. b3 Kh8
17. Bc4 g6 18. h4 $1) 16... Kh8 17. Bc4 g6 18. h4 $1 {leads to a fashionable
position these days.}) 16. Nxe3 Rb8 17. Ra2 (17. Nc4 $6 Be6) (17. b3 $5 Ne7 (
17... Be6 18. Bc4 Ne7 19. O-O $14 {}) 18. Bc4 Bb7 (18... Kh8 19. O-O $14) 19.
Qd3 Kh8 20. O-O f5 21. Rd1 $1 (21. Nxf5 Nxf5 22. exf5 Bc6 (22... d5 23. Bb5)
23. Ra3 d5 $44) 21... Bxe4 22. Qxd6 Qxd6 23. Rxd6 Nc8 $140 24. Re6 Nb6 25. Rxa5
Nxc4 26. Nxc4 Rxb3 27. f3 Rxc3 28. Nxe5 $36 {[%csl Re4][%cal Ga5a7,Ge6e7] and
Black still must fight to achieve a draw.}) 17... Qh4 $2 {Waste of precious
time. Black must have missed opponent's answer.} (17... Be6 18. Bc4 Qc7 {
is 2-3 tempis up for Black comparing to the game.} 19. Qd3 (19. O-O Bxc4 20.
Nxc4 Nb4 $1 21. cxb4 Qxc4) 19... Ne7 20. O-O Ng6 $5 {[%cal Gg6f4]}) ({
Perfectly playable is} 17... Ne7 18. Bc4 Kh8 19. O-O f5 {with just a symbolic
edge for White.}) 18. Bc4 $1 (18. Bd3 Be6 $132) 18... Be6 (18... Qxe4 $2 {
runs into} 19. Bd5 $18) 19. Qd3 Qe7 20. O-O Rfd8 21. Rd1 $14 {/+/-. The first
player arranged well his pieces and kept control over square d5. He has an
advantage thanks to the better pawn structure: White has just one weakness on
b2, while Black has two weak pawns: on a5 and d6.} Qb7 $6 (21... Qc7 $142 {
[%csl Ra5]} 22. Bxe6 (22. Rd2 Ne7 23. Bxe6 fxe6 24. Qc4 Qxc4 25. Nxc4 Rdc8 26.
Nxd6 Rxc3 27. g3 Rc1+ 28. Kg2 Nc6 $14 {/=}) 22... fxe6 23. Qc4 Kf7 24. Qe2 Kg8
$14 25. Qg4 Qf7) 22. Rd2 Qb6 {The queen goes to far from the kingside and
White can use this factor.} 23. Bxe6 $1 {Correct decision. With the bishop on
e6 there is always danger for Black that White can take and then organize a
kingside initiative.} fxe6 24. Qc4 Kf7 25. Qe2 Kg8 26. Qg4 Kf7 27. Qh5+ Kg8 28.
Qh3 $1 Re8 29. Ra1 (29. Rxd6 $6 Qb3 $1 30. Ra1 Qxb2) 29... Qc5 (29... Qc7 30.
Rad1 Rbd8 31. Nc4 $16) 30. Rad1 Rbd8 31. Rd3 $1 {Black has a difficult
position. He needs to be very precise in order to organize a defense.} Kh8 $6 (
31... a4 32. Qg4 (32. Qh4 Rf8 $1 {[%cal Gf8f4]} 33. Qg4 Rf6) 32... Na5 $5 33.
Nc2 Nc4 34. Rg3 Re7 35. Qh4 Rdd7) 32. Qh4 d5 $2 {Understandable desire to
change the situation, which for some reasons worked out.} (32... Ne7 $16 {
[%cal Ge7g6,Gg6f4]}) 33. R1d2 $2 {After this move Black can at least advance
the pawn to d4, which is certainly an achievement.} ({I don't know what is
wrong after simply taking the pawn.} 33. exd5 exd5 34. Rxd5 Rxd5 35. Rxd5 Qb6
36. Qc4 $18) 33... d4 34. Nc2 Rb8 35. Rh3 (35. cxd4 $2 exd4 $13) 35... h6 36.
Qh5 Red8 37. Na3 Rb7 {As the result of White's strange play (allowing ...
d6-d5-d4 and then bringing the knight to a3) Black has achieved again a more
or less acceptable position.} 38. Qg4 Rdb8 39. Rg3 Re7 40. h3 Rf8 41. Rc2 Qd6
42. Nb5 Qb8 ({Why not} 42... Qc5 43. Qe2 Rb7 {? White is just marginally
better. For example:} 44. Na3 a4 45. Nc4 Na5 46. Nxa5 Qxa5 47. Qc4 $14) 43. Qe2
Rb7 44. Na3 dxc3 $2 (44... a4 $14 45. Qc4 $140 Rxb2 $1 46. Qxc6 Rxc2 47. Nxc2
Qb1+ 48. Kh2 Qxc2 49. Qd7 Rg8 $11) 45. bxc3 Rb3 $2 46. Nc4 Rb1+ (46... a4 $142
$16) 47. Kh2 Qa7 48. Rd2 Rb7 49. Qg4 (49. Qg4 Re7 (49... Rxf2 $2 50. Rxf2 Qxf2
51. Qxe6 $18) 50. Rd6 Qc7 51. Rxe6 Rxe6 52. Qxe6 Rxf2 53. Qe8+ Kh7 54. Qg6+ Kh8
55. Ne3 $18) 1-0

[Event "GRE-GEO"]
[Site "Athens"]
[Date "2003.09.18"]
[Round "1"]
[White "Mastrovasilis, Dimitrios"]
[Black "Gagunashvili, Merab"]
[Result "0-1"]
[WhiteElo "2493"]
[BlackElo "2577"]
[Annotator "Rogozenco,D"]
[PlyCount "70"]
[EventDate "2003.09.18"]
[EventType "team"]
[EventRounds "6"]
[EventCountry "GRE"]
[SourceTitle "CBM 098"]
[Source "ChessBase"]
[SourceDate "2004.02.03"]
[SourceVersion "1"]
[SourceVersionDate "2004.02.03"]
[SourceQuality "1"]

1. e4 c5 2. Nf3 Nc6 3. d4 cxd4 4. Nxd4 Nf6 5. Nc3 e5 6. Ndb5 d6 7. Bg5 a6 8.
Na3 b5 9. Bxf6 gxf6 10. Nd5 f5 11. Bd3 Be6 12. Qh5 Rg8 $1 13. g3 h6 {In most
theoretical sources this is considered to give White easy advantage. In the
present game Black had a very interesting idea in mind and the whole variation
is very unclear and needs more practical tests on the high level.} (13... Nd4
14. c3 fxe4 15. Bxe4 Bg4 {is the most perspective continuation for Black.}) 14.
c3 fxe4 $5 (14... Bxd5 15. exd5 Ne7 16. Qd1 e4 17. Be2 Bg7 18. Nc2 Qb6 19. a4
$36 {gave White a better position in Sideif Sade,F-Dolmatov,S/Frunze 1979.
Because of this game the move 13...h6 was always considered to be dubious.
Also 14...Rc8 doesn't solve all problems for Black. But as the present game
shows, 14...fxe4 is certainly better than its reputation.}) 15. Bxe4 Bg4 16.
Qh4 {The present position was evaluated as being with big advantage for White
by Sideif Sade in his comments to the above-mentioned game. This evaluation
was rather superficially taken by most other commentators and authors of
theoretical sources, without making any further investigations. However, the
young Georgian player demonstrates that Black has real hopes for counterplay.
Thus, the present game has a certain important theoretical value.} Qxh4 (16...
Be7 17. Qxh6 Kd7 18. h4 f5 19. Bg2 $16 {1-0 Charbonneau,P-Mikhalevski,V/
Internet rapid 2001 (29)}) 17. gxh4 O-O-O 18. Rg1 ({Stronger is} 18. Nf6 {After
} d5 19. Nxg8 dxe4 20. Nc2 (20. Rg1 h5 $5 (20... Bxa3 21. bxa3 Rxg8 22. h3) 21.
Nc2 {is same as 20.Nc2.}) (20. Nf6 $6 Bf3 21. Rg1 Be7) 20... h5 $5 (20... Bg7
$2 21. Rg1 f5 22. h3 h5 23. hxg4 hxg4 (23... fxg4 24. Rd1 Rxg8 25. Rd6 $18) 24.
Ne3 $18) 21. Rg1 {Black cannot regain material and he must find a way to prove
his compensation. Interesting is} (21. Ne3 $2 Bg7 {[%csl Rg8]}) (21. Nf6 Bf3
22. Rg1 Be7 $13) 21... Bc5 $5 {with idea 22...Bxf2+ 23.Kxf2 Rd2+. Only future
analysis and practice will show if Black has sufficient compensation.}) 18...
f5 $1 19. Rxg4 {White is fighting for a draw after this.} (19. Bxf5+ Bxf5 20.
Rxg8 Be6 {is Black's idea. Now White cannot keep his extra material.} 21. Nb6+
(21. Rxf8 Rxf8 22. Rd1 {does not promise full equality for White either. Black
has many possibilities, the easiest one is:} Kd7 23. Nc2 Bxd5 24. Rxd5 Rf4 $15)
21... Kc7 22. Rg6 Bf7 23. Rf6 Bg8 24. Rg6 Be7 $5 (24... Bf7 $11) 25. Rxg8 Rxg8
26. Nd5+ Kd7 {and Black is by no means worse.}) (19. Nf6 Rg6 $13) 19... fxg4
20. Nf6 d5 21. Bf5+ (21. Nxg8 dxe4 22. Nf6 Be7 (22... Bxa3 23. bxa3 Rf8 $15 (
23... Rd3 $5)) (22... e3 $5 23. fxe3 Be7 24. Ne4 (24. Nxg4 $2 Rg8 $19) 24...
Bxh4+ 25. Ke2 $15) 23. Nxe4 Bxh4 $15) 21... Kc7 22. Nxg8 Bxa3 23. bxa3 Rxg8 24.
Be6 Rd8 25. Rd1 Ne7 26. Bxg4 Kd6 {In spite of being a pawn up, White must
fight for a draw. All his pawns are weak and Black has plenty of ways to
attack them.} 27. Ke2 (27. a4 $5 {Trying to change the character of the
position.} bxa4 (27... Kc5 $5 28. axb5 axb5 $17) 28. c4 d4 29. f4 $15) 27...
Rf8 $17 {[%cal Gf8f4,Gf4a4,Gf4h4]} 28. Rb1 Kc5 29. f3 Rf4 30. Kd3 Ra4 31. Rb3 {
Hopeless, but difficult to find any counterplay.} h5 $1 32. Bxh5 Rxh4 33. Be8
Rh8 34. Bd7 Rxh2 {[%csl Rd3][%cal Ge7g6,Gg6f4]} 35. Be8 Rxa2 {White is close
to zugzwang. He cannot avoid further material losses.} (35... Rxa2 36. Bh5 Nc6
$19 {[%cal Gc6a5]}) 0-1